Economic policy : a european forum (Record no. 180445)
[ view plain ]
| 000 -LEADER | |
|---|---|
| fixed length control field | 00476nam a2200193Ia 4500 |
| 008 - FIXED-LENGTH DATA ELEMENTS--GENERAL INFORMATION | |
| fixed length control field | 140306s9999 xx 000 0 und d |
| 020 ## - INTERNATIONAL STANDARD BOOK NUMBER | |
| International Standard Book Number | 0 521 45802 1 |
| 041 ## - LANGUAGE CODE | |
| Language code of text/sound track or separate title | eng |
| 082 ## - DEWEY DECIMAL CLASSIFICATION NUMBER | |
| Classification number | 338 .9 |
| Item number | DEM/EC |
| 100 ## - MAIN ENTRY--PERSONAL NAME | |
| Personal name | De Meni Georges |
| 245 ## - TITLE STATEMENT | |
| Title | Economic policy : a european forum |
| 300 ## - PHYSICAL DESCRIPTION | |
| Extent | 432 |
| 365 ## - TRADE PRICE | |
| Price amount | U.K.P.13.95 |
| 400 ## - SERIES STATEMENT/ADDED ENTRY--PERSONAL NAME [OBSOLETE, CAN/MARC], [LOCAL, USA] | |
| Numeration | Cambridge University Press |
| 440 ## - SERIES STATEMENT/ADDED ENTRY--TITLE | |
| Title | 1993 |
| 650 ## - SUBJECT ADDED ENTRY--TOPICAL TERM | |
| Topical term or geographic name as entry element | Economic reform |
| 700 ## - ADDED ENTRY--PERSONAL NAME | |
| Personal name | Partes, Richard |
| 942 ## - ADDED ENTRY ELEMENTS (KOHA) | |
| Source of classification or shelving scheme | Dewey Decimal Classification |
| Koha item type | Books (General) |
| Withdrawn status | Lost status | Source of classification or shelving scheme | Damaged status | Not for loan | Home library | Current library | Date acquired | Cost, normal purchase price | Total Checkouts | Full call number | Date last seen | Price effective from | Koha item type |
|---|---|---|---|---|---|---|---|---|---|---|---|---|---|
| Dewey Decimal Classification | College of Co-operation, Banking & Management Library, Vellanikkara | College of Co-operation, Banking & Management Library, Vellanikkara | 02/07/2004 | 0.00 | 338 .9 DEM/EC | 22/03/2014 | 22/03/2014 | Books (General) |
